[Event "Creon op 27th"]
[Site "Creon"]
[Date "2023.08.03"]
[Round "5"]
[White "Bharath, Subramaniyam H"]
[Black "Willems, Niels"]
[Result "1-0"]
[WhiteElo "2488"]
[BlackElo "2311"]
[PlyCount "87"]
[EventDate "2023.07.31"]
[EventType "swiss"]
[EventRounds "9"]
[EventCountry "FRA"]
[SourceTitle "CBM 215 Extra"]
[Source "ChessBase"]
[SourceDate "2023.09.30"]
[SourceVersion "1"]
[SourceVersionDate "2023.09.30"]
[SourceQuality "1"]

1. d4 Nf6 2. Bf4 d5 3. e3 c5 4. Nd2 Nc6 5. c3 Bf5 6. Ngf3 Qb6 7. Nh4 Bg4 8. Qb3 e6 9. h3 Bh5 10. g4 Bg6 11. Nxg6 hxg6 12. Bg2 Be7 13. 0-0 0-0 14. Bg3 Ne8 15. a4 Bd6 16. Bxd6 Nxd6 17. Qa3 cxd4 18. Qxd6 Qxb2 19. Nf3 dxe3 20. fxe3 Qxc3 21. Rae1 Rac8 22. Qg3 f6 23. g5 f5 24. h4 Qc4 25. Rb1 Qxa4 26. Rxb7 Nd8 27. Rbb1 Nf7 28. Ne5 Nxe5 29. Qxe5 Qd7 30. Ra1 Rc6 31. Ra5 Qc7 32. Rxd5 Rb8 33. Ra5 Qxe5 34. Rxe5 Rc4 35. Rxe6 Rxh4 36. Rxg6 Rg4 37. Rxf5 Rb1+ 38. Rf1 Rb3 39. Rf4 Rg3 40. Kf2 Rbxe3 41. Bf3 Kh7 42. Ra6 Rexf3+ 43. Rxf3 Rxg5 44. Rxa7 1-0

[Event "Oviedo op 9th"]
[Site "Oviedo"]
[Date "2023.07.25"]
[Round "3"]
[White "Willems, Niels"]
[Black "Garcia Ramos, Daniel"]
[Result "1-0"]
[WhiteElo "2311"]
[BlackElo "2462"]
[PlyCount "97"]
[EventDate "2023.07.24"]
[EventType "swiss"]
[EventRounds "9"]
[EventCountry "ESP"]
[SourceTitle "CBM 215 Extra"]
[Source "ChessBase"]
[SourceDate "2023.09.30"]
[SourceVersion "1"]
[SourceVersionDate "2023.09.30"]
[SourceQuality "1"]

1. e4 c6 2. d4 d5 3. e5 Bf5 4. h4 h5 5. Bd3 Bxd3 6. Qxd3 Qa5+ 7. Nd2 e6 8. Ngf3 Nh6 9. 0-0 Nf5 10. Nb3 Qa6 11. Qc3 Qa4 12. Bg5 Na6 13. a3 b6 14. Nc1 c5 15. b3 Qc6 16. Ne2 Rc8 17. Qd3 c4 18. Qd2 Nc7 19. Ng3 g6 20. Nxf5 gxf5 21. Bf6 Rg8 22. Ng5 Rg6 23. Nh7 Kd7 24. Bg5 Bg7 25. Qd1 Rh8 26. Nf6+ Bxf6 27. Bxf6 Rh7 28. Qd2 Rg8 29. Bg5 Kc8 30. a4 Na6 31. Rfe1 c3 32. Qd1 Kd7 33. Re3 Nb4 34. Rg3 a5 35. Qe2 Rhh8 36. Re1 Kc7 37. Qd1 Kb7 38. Ree3 Rc8 39. Ref3 Rhg8 40. Rxc3 Qd7 41. Rxc8 Qxc8 42. c3 Na6 43. Qxh5 Rg6 44. Qh7 Qg8 45. Qxg8 Rxg8 46. Bf6 Rg6 47. Bg7 f4 48. Rxg6 fxg6 49. Bh6 1-0

[Event "London Mindsports IM-A"]
[Site "London"]
[Date "2023.02.19"]
[Round "8"]
[White "Makkar, Rajat"]
[Black "Willems, Niels"]
[Result "1-0"]
[WhiteElo "2426"]
[BlackElo "2311"]
[PlyCount "115"]
[EventDate "2023.02.15"]
[EventType "tourn"]
[EventRounds "9"]
[EventCountry "ENG"]
[EventCategory "3"]
[SourceTitle "CBM 212 Extra"]
[Source "ChessBase"]
[SourceDate "2023.03.31"]
[SourceVersion "1"]
[SourceVersionDate "2023.03.31"]
[SourceQuality "1"]

1. e4 c5 2. Nf3 d6 3. Bb5+ Nd7 4. d4 cxd4 5. Nxd4 Ngf6 6. 0-0 a6 7. Bd3 e5 8. Nf5 Nc5 9. Nc3 Ncxe4 10. Bxe4 Nxe4 11. Nxg7+ Bxg7 12. Nxe4 d5 13. Bg5 f6 14. Qh5+ Ke7 15. Rad1 Qe8 16. Nxf6 Bxf6 17. Bxf6+ Kxf6 18. Qh4+ Kg7 19. Qg5+ Qg6 20. Qxe5+ Qf6 21. Qxd5 Rf8 22. Rd3 Bf5 23. Rf3 Rf7 24. Re1 Rd8 25. Qa5 Rdf8 26. Re5 Qd8 27. Qc3 Kg8 28. Re1 Bg6 29. Rxf7 Rxf7 30. h4 Qf6 31. Qg3 Qf4 32. Re8+ Kg7 33. Qxf4 Rxf4 34. Re7+ Rf7 35. Re2 Kh6 36. Kh2 Rf4 37. Kg3 Rg4+ 38. Kxg4 Bh5+ 39. Kf5 Bxe2 40. g4 Kg7 41. f4 Kf7 42. g5 Bd1 43. c4 Bc2+ 44. Ke5 Kg6 45. b4 Bd3 46. c5 Kh5 47. f5 Kxh4 48. Kf6 Kg4 49. g6 hxg6 50. fxg6 Kh5 51. g7 Bc4 52. a4 Kh6 53. b5 axb5 54. axb5 Kh7 55. c6 bxc6 56. b6 Ba6 57. Kf7 Bc4+ 58. Kf8 1-0

[Event "London Mindsports IM-A"]
[Site "London"]
[Date "2023.02.17"]
[Round "4"]
[White "Willems, Niels"]
[Black "Willow, Jonah B"]
[Result "0-1"]
[WhiteElo "2311"]
[BlackElo "2437"]
[PlyCount "102"]
[EventDate "2023.02.15"]
[EventType "tourn"]
[EventRounds "9"]
[EventCountry "ENG"]
[EventCategory "3"]
[SourceTitle "CBM 212 Extra"]
[Source "ChessBase"]
[SourceDate "2023.03.31"]
[SourceVersion "1"]
[SourceVersionDate "2023.03.31"]
[SourceQuality "1"]

1. e4 c5 2. Nf3 e6 3. b3 a6 4. Bb2 Nc6 5. c4 h5 6. h3 b6 7. g3 Bb7 8. Bg2 Qc7 9. 0-0 f6 10. Nc3 Bd6 11. Rc1 Nge7 12. a3 Ng6 13. Ne2 h4 14. g4 Nf4 15. Nxf4 Bxf4 16. Rc2 e5 17. Ne1 Nd8 18. Nd3 Ne6 19. Qe2 Bc6 20. b4 Ba4 21. Rcc1 Qd6 22. Bc3 0-0 23. Nb2 Bc6 24. Ra1 Bg5 25. Nd3 Ba4 26. Rfc1 Rfc8 27. Kh1 cxb4 28. axb4 Bb3 29. c5 bxc5 30. bxc5 Nxc5 31. Nxc5 Rxc5 32. Bf1 Bc4 33. Qxc4+ Rxc4 34. Bxc4+ Kh7 35. Bd5 Rc8 36. Kg2 Rc5 37. Rcb1 Rxd5 38. exd5 Qxd5+ 39. f3 e4 40. Rf1 Qd6 41. Kf2 Qg3+ 42. Ke2 Qg2+ 43. Rf2 exf3+ 44. Ke1 Qxh3 45. Kd1 Qg3 46. Rf1 Qxg4 47. Kc2 h3 48. Rf2 Bh4 49. Rh2 Bg3 50. Rhh1 f2 51. Kb2 Qf5 0-1

[Event "SUI-chT"]
[Site "Switzerland"]
[Date "2022.05.15"]
[Round "2.1"]
[White "Bauer, Christian"]
[Black "Willems, Niels"]
[Result "1/2-1/2"]
[WhiteElo "2596"]
[BlackElo "2338"]
[PlyCount "95"]
[EventDate "2022.05.01"]
[EventType "team-tourn"]
[EventRounds "9"]
[EventCountry "SUI"]
[SourceTitle "EXT 2023"]
[Source "ChessBase"]
[SourceDate "2022.10.05"]
[SourceVersion "1"]
[SourceVersionDate "2022.10.05"]
[SourceQuality "1"]
[WhiteTeam "Zuerich"]
[BlackTeam "Echallens"]
[WhiteTeamCountry "SUI"]
[BlackTeamCountry "SUI"]

1. d4 Nf6 2. Nf3 c5 3. d5 g6 4. Nc3 d6 5. e4 a6 6. a4 Bg7 7. Be2 0-0 8. Nd2 Nbd7 9. 0-0 Ne8 10. Nc4 Nb6 11. Nxb6 Qxb6 12. a5 Qd8 13. Bg5 Bd7 14. Qd2 Nc7 15. Rfe1 Rb8 16. Nd1 b6 17. axb6 Rxb6 18. c3 Qb8 19. Ra2 Qb7 20. Ne3 Bb5 21. h4 Re8 22. h5 e6 23. Bxb5 axb5 24. dxe6 Rxe6 25. Bd8 Ra6 26. Rxa6 Nxa6 27. Nd5 h6 28. hxg6 fxg6 29. Qd1 c4 30. Bb6 Kh7 31. Re3 Qc8 32. Bd4 Bxd4 33. Qxd4 Qc5 34. Qd2 Nc7 35. Rh3 h5 36. Qf4 Nxd5 37. Qf7+ Kh6 38. Qf8+ Kh7 39. Qf7+ Kh6 40. exd5 Re1+ 41. Kh2 Qc8 42. Qf4+ Kh7 43. Qxd6 Qg4 44. Qf8 Qe4 45. d6 Qe5+ 46. f4 Qc5 47. Qf7+ Kh6 48. Qf8+ 1/2-1/2

[Event "Paris IM"]
[Site "Paris"]
[Date "2022.03.04"]
[Round "9"]
[White "David, Alberto"]
[Black "Willems, Niels"]
[Result "1/2-1/2"]
[WhiteElo "2545"]
[BlackElo "2279"]
[PlyCount "120"]
[EventDate "2022.02.28"]
[EventType "tourn"]
[EventRounds "9"]
[EventCountry "FRA"]
[EventCategory "5"]
[SourceTitle "CBM 207 Extra"]
[Source "ChessBase"]
[SourceDate "2022.05.31"]
[SourceVersion "1"]
[SourceVersionDate "2022.05.31"]
[SourceQuality "1"]

1. e4 c5 2. Nf3 d6 3. Bb5+ Nd7 4. 0-0 Ngf6 5. Re1 g6 6. c3 Bg7 7. d4 cxd4 8. cxd4 0-0 9. Nc3 a6 10. Bd3 b5 11. a3 Bb7 12. Bf4 Nh5 13. Be3 e5 14. d5 Rc8 15. Rc1 Nf4 16. Bf1 f5 17. g3 fxe4 18. Nxe4 Nxd5 19. Rxc8 Qxc8 20. Nxd6 Qc6 21. Nxb7 Nxe3 22. Rxe3 Qxb7 23. Ng5 Nc5 24. b4 Qd7 25. Qxd7 Nxd7 26. Rd3 Nb8 27. Bg2 Bf6 28. Ne6 Rc8 29. Bd5 Kf7 30. Nc5+ Ke7 31. Ne4 Rd8 32. Kf1 Bg7 33. Ke2 Nd7 34. Bb7 Nb8 35. Rxd8 Kxd8 36. Nc5 Kc7 37. Bxa6 Kb6 38. Bc8 e4 39. Be6 Bb2 40. a4 Nc6 41. axb5 Kxb5 42. Bg8 Kxb4 43. Nxe4 h6 44. h4 Ne7 45. Bf7 Kb5 46. Kd3 Kc6 47. Kc4 Kd7 48. Nc5+ Kd6 49. Nd3 Ba1 50. Nf4 g5 51. hxg5 hxg5 52. Ne6 Bf6 53. Nc5 Nc6 54. Bh5 Ne5+ 55. Kb5 Kd5 56. f4 gxf4 57. gxf4 Be7 58. Na6 Nd3 59. Nc7+ Kd6 60. Ne8+ Ke6 1/2-1/2

[Event "Paris IM"]
[Site "Paris"]
[Date "2022.03.01"]
[Round "4"]
[White "Mekhane, Adam"]
[Black "Willems, Niels"]
[Result "1/2-1/2"]
[WhiteElo "2319"]
[BlackElo "2279"]
[PlyCount "75"]
[EventDate "2022.02.28"]
[EventType "tourn"]
[EventRounds "9"]
[EventCountry "FRA"]
[EventCategory "5"]
[SourceTitle "CBM 207 Extra"]
[Source "ChessBase"]
[SourceDate "2022.05.31"]
[SourceVersion "1"]
[SourceVersionDate "2022.05.31"]
[SourceQuality "1"]

1. e4 c5 2. Nf3 d6 3. d4 cxd4 4. Nxd4 Nf6 5. Nc3 a6 6. h3 e5 7. Nb3 Be7 8. g4 h6 9. Be3 b5 10. a4 bxa4 11. Rxa4 Be6 12. Bg2 0-0 13. 0-0 Bxb3 14. cxb3 Nbd7 15. Qe2 Qc8 16. b4 Qb7 17. Rfa1 Rfb8 18. h4 Nh7 19. Rxa6 Bxh4 20. Ra7 Rxa7 21. Rxa7 Qc8 22. Nd5 Bd8 23. Rc7 Qxc7 24. Nxc7 Bxc7 25. Qc4 Bb6 26. Qc6 Bxe3 27. Qxd7 Bd4 28. Qxd6 Rb6 29. Qd8+ Nf8 30. Qe7 Rf6 31. b5 Rxf2 32. b4 Ne6 33. Kh1 Nf4 34. Qd8+ Kh7 35. b6 Rxg2 36. b7 Rg1+ 37. Kh2 Rg2+ 38. Kh1 1/2-1/2

[Event "SUI-chT"]
[Site "Switzerland"]
[Date "2021.10.24"]
[Round "5.1"]
[White "Heimann, Andreas"]
[Black "Willems, Niels"]
[Result "1-0"]
[WhiteElo "2583"]
[BlackElo "2291"]
[PlyCount "72"]
[EventDate "2021.08.29"]
[EventType "team-tourn"]
[EventRounds "9"]
[EventCountry "SUI"]
[SourceTitle "EXT 2023"]
[Source "ChessBase"]
[SourceDate "2022.10.05"]
[SourceVersion "1"]
[SourceVersionDate "2022.10.05"]
[SourceQuality "1"]
[WhiteTeam "Riehen"]
[BlackTeam "Echallens"]
[WhiteTeamCountry "SUI"]
[BlackTeamCountry "SUI"]

1. e4 c6 2. d4 d5 3. Nc3 dxe4 4. Nxe4 Bf5 5. Ng3 Bg6 6. Nf3 Nd7 7. h4 h6 8. Bd3 Bxd3 9. Qxd3 e6 10. Bf4 Qa5+ 11. Bd2 Qc7 12. 0-0-0 Ngf6 13. Ne4 0-0-0 14. g3 Be7 15. Nxf6 Bxf6 16. Qa3 b5 17. Bf4 Qb7 18. Bd6 Nb6 19. Ne5 Bxe5 20. dxe5 Nc4 21. Qc3 Qb6 22. b3 Nxd6 23. exd6 f6 24. Rhe1 e5 25. f4 exf4 26. gxf4 Rd7 27. Re7 Rhd8 28. Qh3 Qf2 29. Qf5 Qg3 30. h5 Qc3 31. Kb1 Qg3 32. Kb2 Qg2 33. Rd3 b4 34. Rxd7 Rxd7 35. Re3 Kd8 36. Qa5+ Kc8 1-0

[Event "SUI-chT"]
[Site "Switzerland"]
[Date "2021.10.10"]
[Round "3.3"]
[White "Willems, Niels"]
[Black "Gaehwiler, Gabriel"]
[Result "1/2-1/2"]
[WhiteElo "2291"]
[BlackElo "2402"]
[PlyCount "60"]
[EventDate "2021.08.29"]
[EventType "team-tourn"]
[EventRounds "9"]
[EventCountry "SUI"]
[SourceTitle "EXT 2023"]
[Source "ChessBase"]
[SourceDate "2022.10.05"]
[SourceVersion "1"]
[SourceVersionDate "2022.10.05"]
[SourceQuality "1"]
[WhiteTeam "Echallens"]
[BlackTeam "Luzern"]
[WhiteTeamCountry "SUI"]
[BlackTeamCountry "SUI"]

1. c4 Nf6 2. Nc3 g6 3. g3 Bg7 4. Bg2 0-0 5. d4 d6 6. Nf3 Nc6 7. 0-0 e5 8. h3 exd4 9. Nxd4 Nxd4 10. Qxd4 Nd7 11. Qd2 Nc5 12. b3 a5 13. Bb2 c6 14. Rad1 Be6 15. Ba3 Re8 16. Qf4 Bxc3 17. Bxc5 Qc8 18. Bxd6 Bxh3 19. Rd3 Bg7 20. Re3 Qf5 21. Bxh3 Qxh3 22. Be5 Rxe5 23. Rxe5 Bxe5 24. Qxe5 Qd7 25. a4 b6 26. Kg2 Re8 27. Rd1 Rxe5 28. Rxd7 b5 29. cxb5 cxb5 30. Kf3 Rc5 1/2-1/2

[Event "Agneaux St Lo op 20th"]
[Site "Agneaux"]
[Date "2018.07.14"]
[Round "9"]
[White "Bujisho, Benjamin"]
[Black "Willems, Niels"]
[Result "1/2-1/2"]
[WhiteElo "2324"]
[BlackElo "2237"]
[PlyCount "85"]
[EventDate "2018.07.07"]
[EventType "swiss"]
[EventRounds "9"]
[EventCountry "FRA"]
[SourceTitle "CBM 185 Extra"]
[Source "ChessBase"]
[SourceDate "2018.07.29"]
[SourceVersion "1"]
[SourceVersionDate "2018.07.29"]
[SourceQuality "1"]

1. Nf3 Nf6 2. g3 g6 3. Bg2 Bg7 4. 0-0 d5 5. d3 0-0 6. Nbd2 c5 7. c3 Nc6 8. a3 e5 9. e4 a5 10. exd5 Nxd5 11. a4 h6 12. Nc4 Nb6 13. Nfd2 Be6 14. Qe2 Nxc4 15. Nxc4 Qc7 16. Be3 b6 17. f4 Rad8 18. fxe5 Nxe5 19. Bf4 Bxc4 20. dxc4 g5 21. Bxe5 Qxe5 22. Qf2 Rd6 23. Rae1 Rf6 24. Qd2 Rxf1+ 25. Kxf1 Qf6+ 26. Kg1 Rd8 27. Bd5 Kh8 28. Qe3 Rf8 29. Qe4 Qd6 30. Qf5 Qf6 31. Qd7 Qd8 32. Qc6 Qf6 33. Qc7 Qd8 34. Qxd8 Rxd8 35. g4 Bf6 36. Kg2 Kg7 37. Kf3 Rd7 38. Re8 Rd8 39. Rxd8 Bxd8 40. h3 Bc7 41. Ke4 Kf6 42. Ba8 Ke6 43. Bd5+ 1/2-1/2

[Event "Agneaux St Lo op 17th"]
[Site "Agneaux"]
[Date "2015.07.06"]
[Round "4"]
[White "Fruchard, Cyrille"]
[Black "Willems, Niels"]
[Result "1/2-1/2"]
[WhiteElo "2178"]
[BlackElo "1966"]
[PlyCount "83"]
[EventDate "2015.07.03"]
[EventType "swiss"]
[EventRounds "9"]
[EventCountry "FRA"]
[SourceTitle "EXT 2016"]
[Source "ChessBase"]
[SourceDate "2015.10.08"]
[SourceVersion "1"]
[SourceVersionDate "2015.10.08"]
[SourceQuality "1"]

1. d4 Nf6 2. c4 c5 3. d5 b5 4. Qc2 bxc4 5. e4 d6 6. Bxc4 g6 7. Nc3 Bg7 8. Nf3 0-0 9. h3 Ba6 10. Nd2 Nfd7 11. 0-0 Nb6 12. Bxa6 Nxa6 13. a3 Nc7 14. Nf3 Qd7 15. Bf4 Rab8 16. a4 a5 17. Rfe1 Na6 18. Qe2 Nb4 19. Red1 Rbd8 20. Kh2 Rfe8 21. g3 Qb7 22. Qb5 Nc2 23. Rac1 Nd4 24. Nxd4 Bxd4 25. f3 Rb8 26. b3 Nd7 27. Qxb7 Rxb7 28. Nb5 Bg7 29. Kg2 Ra8 30. Be3 Nb6 31. f4 f6 32. f5 Nc8 33. Rb1 Na7 34. Na3 Rab8 35. Rd3 Nc8 36. Kf3 Nb6 37. Nb5 Nd7 38. Ke2 Ne5 39. Rdd1 Nf7 40. Bd2 Ra8 41. Bc3 Ng5 42. Kd3 1/2-1/2

[Event "FRA-ch U14"]
[Site "Pau"]
[Date "2015.04.30"]
[Round "6"]
[White "Lux, Hugo de Melo"]
[Black "Willems, Niels"]
[Result "0-1"]
[WhiteElo "1904"]
[BlackElo "1976"]
[PlyCount "56"]
[EventDate "2015.04.26"]
[EventType "swiss"]
[EventRounds "9"]
[EventCountry "FRA"]
[SourceTitle "CBM 166 Extra"]
[Source "ChessBase"]
[SourceDate "2015.06.18"]
[SourceVersion "1"]
[SourceVersionDate "2015.06.18"]
[SourceQuality "1"]

1. e4 c6 2. d4 d5 3. Nc3 dxe4 4. Nxe4 Bf5 5. Ng3 Bg6 6. Bc4 e6 7. Nh3 Nf6 8. Nf4 Bd6 9. c3 Qc7 10. Qf3 Nbd7 11. Nxg6 hxg6 12. Bg5 c5 13. Rc1 Qb6 14. 0-0 0-0 15. Ne4 Nxe4 16. Qxe4 cxd4 17. cxd4 Nf6 18. Qh4 Nd5 19. Rfd1 Rac8 20. Rd3 f6 21. Bd2 Qxb2 22. Qe4 Rfe8 23. Qxg6 b5 24. Bh6 Re7 25. Rb3 Qxa2 26. Rc2 Qa4 27. Bxd5 Qa1+ 28. Bc1 Qxc1+ 0-1